[Event "Titled Tuesday intern op 16th Apr Late"]
[Site "Chess.com INT"]
[Date "2024.04.16"]
[Round "8"]
[White "Galaktionov, Artem"]
[Black "Grigoriants, Sergey"]
[Result "1/2-1/2"]
[WhiteElo "2338"]
[BlackElo "2536"]
[PlyCount "114"]
[EventDate "2024.04.16"]
[EventType "swiss (blitz)"]
[EventRounds "11"]
[EventCountry "USA"]
[SourceTitle "CB17_2024"]
[SourceDate "2024.04.24"]
[SourceVersion "1"]
[SourceVersionDate "2024.04.24"]
[SourceQuality "1"]

1. d4 Nf6 2. Nf3 d5 3. c4 e6 4. Nc3 c5 5. cxd5 Nxd5 6. e4 Nxc3 7. bxc3 cxd4 8. cxd4 Bb4+ 9. Bd2 Bxd2+ 10. Qxd2 0-0 11. Bd3 Nc6 12. Bc2 Bd7 13. 0-0 Qa5 14. Qe3 Rac8 15. Bb3 Ne7 16. Rfc1 Ba4 17. Bc4 Rfd8 18. h3 h6 19. Ne5 Nc6 20. Nxc6 Rxc6 21. d5 exd5 22. Bxd5 Rxc1+ 23. Rxc1 Bc6 24. Bb3 Qe5 25. f3 Rd4 26. Rc4 Rxc4 27. Bxc4 b6 28. Bb3 g5 29. Kf2 Kg7 30. g3 Qb2+ 31. Qe2 Qd4+ 32. Qe3 Qe5 33. Qd3 h5 34. Qc4 Be8 35. Qd5 Qxd5 36. Bxd5 Kf6 37. f4 gxf4 38. gxf4 Bd7 39. h4 Be6 40. Bxe6 Kxe6 41. Ke3 f6 42. Kd4 Kd6 43. Kc4 a6 44. a4 Kc6 45. Kb4 b5 46. axb5+ axb5 47. e5 fxe5 48. fxe5 Kd5 49. Kxb5 Kxe5 50. Kc4 Kf4 51. Kd3 Kg4 52. Ke2 Kxh4 53. Kf2 Kh3 54. Kg1 h4 55. Kh1 Kg3 56. Kg1 h3 57. Kh1 h2 1/2-1/2

[Event "Titled Tuesday intern op 16th Apr Late"]
[Site "Chess.com INT"]
[Date "2024.04.16"]
[Round "3"]
[White "Grigoriants, Sergey"]
[Black "Aliyev, Ravan"]
[Result "0-1"]
[WhiteElo "2536"]
[BlackElo "2352"]
[PlyCount "88"]
[EventDate "2024.04.16"]
[EventType "swiss (blitz)"]
[EventRounds "11"]
[EventCountry "USA"]
[SourceTitle "CB17_2024"]
[SourceDate "2024.04.24"]
[SourceVersion "1"]
[SourceVersionDate "2024.04.24"]
[SourceQuality "1"]

1. d4 Nf6 2. c4 e6 3. Nc3 Bb4 4. e3 0-0 5. Bd3 d5 6. cxd5 Qxd5 7. Nf3 c5 8. 0-0 Bxc3 9. bxc3 Nc6 10. Qe2 Qh5 11. e4 e5 12. d5 Ne7 13. Nd2 Bg4 14. f3 Bd7 15. Rb1 b6 16. Bb5 Ng6 17. Bxd7 Nxd7 18. g3 f5 19. exf5 Qxf5 20. c4 h6 21. Ne4 Kh7 22. a4 Rab8 23. Bd2 Ne7 24. a5 Qg6 25. axb6 axb6 26. Bc3 Nf5 27. Ra1 Ra8 28. Qd3 Nd4 29. Kg2 Rxa1 30. Bxa1 Ra8 31. Bxd4 exd4 32. f4 Ra2+ 33. Rf2 Rxf2+ 34. Nxf2 Qxd3 35. Nxd3 Kg6 36. Kf3 h5 37. Ne5+ Nxe5+ 38. fxe5 Kf5 39. e6 Kf6 40. Ke4 g6 41. h4 Ke7 42. Ke5 d3 43. d6+ Ke8 44. e7 d2 0-1

[Event "Titled Tuesday intern op 16th Apr Late"]
[Site "Chess.com INT"]
[Date "2024.04.16"]
[Round "9"]
[White "Grigoriants, Sergey"]
[Black "Manukyan, Sargis A"]
[Result "1-0"]
[WhiteElo "2536"]
[BlackElo "2216"]
[PlyCount "133"]
[EventDate "2024.04.16"]
[EventType "swiss (blitz)"]
[EventRounds "11"]
[EventCountry "USA"]
[SourceTitle "CB17_2024"]
[SourceDate "2024.04.24"]
[SourceVersion "1"]
[SourceVersionDate "2024.04.24"]
[SourceQuality "1"]

1. d4 d5 2. c4 e6 3. Nc3 Nf6 4. cxd5 exd5 5. Bg5 Be7 6. e3 0-0 7. Bd3 Nbd7 8. Qc2 b6 9. Nf3 Bb7 10. h3 h6 11. Bf4 c5 12. 0-0 c4 13. Bf5 a6 14. a4 Bc6 15. Ne5 Nxe5 16. dxe5 Nh5 17. Bh2 g6 18. Bxg6 Ng7 19. Bh7+ Kh8 20. Rad1 b5 21. Be4 dxe4 22. Rxd8 Rfxd8 23. Nxe4 Ne6 24. Nd6 Kg7 25. Rd1 Bxd6 26. exd6 f6 27. e4 Kf7 28. e5 Rg8 29. Bg3 Rg6 30. exf6 h5 31. h4 Rag8 32. d7 Rd8 33. axb5 axb5 34. Qf5 Rxd7 35. Rxd7+ Bxd7 36. Qxh5 Kxf6 37. Be5+ Kf7 38. f4 Ng7 39. Bxg7 Kxg7 40. Qe5+ Kh7 41. f5 Rg7 42. Kf2 Kg8 43. h5 b4 44. h6 Rh7 45. Qd5+ Kf8 46. Qxc4 Bxf5 47. Qxb4+ Kf7 48. Qd6 Be6 49. Qf4+ Kg6 50. Qg3+ Kxh6 51. Qd6 Rf7+ 52. Kg1 Rf6 53. b4 Rg6 54. b5 Bg4 55. Qf4+ Kh5 56. Qh2+ Kg5 57. Qe5+ Kh6 58. b6 Rxb6 59. Qe3+ Kh5 60. Qxb6 Kh4 61. Qf2+ Kh5 62. Qg3 Kg5 63. Kf2 Kh5 64. Ke3 Kg5 65. Qe5+ Kh4 66. Kf4 Bf3 67. Qg5# 1-0

[Event "Titled Tuesday intern op 16th Apr Late"]
[Site "Chess.com INT"]
[Date "2024.04.16"]
[Round "2"]
[White "Wadsworth, Matthew J"]
[Black "Grigoriants, Sergey"]
[Result "0-1"]
[WhiteElo "2469"]
[BlackElo "2536"]
[PlyCount "32"]
[EventDate "2024.04.16"]
[EventType "swiss (blitz)"]
[EventRounds "11"]
[EventCountry "USA"]
[SourceTitle "CB17_2024"]
[SourceDate "2024.04.24"]
[SourceVersion "1"]
[SourceVersionDate "2024.04.24"]
[SourceQuality "1"]

1. Nf3 d5 2. g3 c6 3. Bg2 Bg4 4. c4 e6 5. cxd5 exd5 6. h3 Bh5 7. 0-0 Nf6 8. d3 Bc5 9. a3 0-0 10. b4 Bb6 11. Bb2 Nbd7 12. Nbd2 Re8 13. Bd4 Qe7 14. Re1 Nf8 15. g4 Bg6 16. Nh4 Bxd4 0-1

[Event "Titled Tuesday intern op 02nd Apr Late"]
[Site "Chess.com INT"]
[Date "2024.04.02"]
[Round "7"]
[White "Grigoriants, Sergey"]
[Black "Galaktionov, Artem"]
[Result "1/2-1/2"]
[WhiteElo "2536"]
[BlackElo "2338"]
[PlyCount "76"]
[EventDate "2024.04.02"]
[EventType "swiss (blitz)"]
[EventRounds "11"]
[EventCountry "USA"]
[SourceTitle "CB15_2024"]
[SourceDate "2024.04.10"]
[SourceVersion "1"]
[SourceVersionDate "2024.04.10"]
[SourceQuality "1"]

1. d4 c6 2. Nf3 g6 3. e4 d6 4. h3 Bg7 5. Bd3 Nd7 6. 0-0 e5 7. c3 Ngf6 8. Re1 0-0 9. Nbd2 Qc7 10. Nf1 b6 11. Ng3 Bb7 12. Bg5 h6 13. Be3 Rfe8 14. Qd2 Kh7 15. Rad1 Rad8 16. Qc1 d5 17. dxe5 Nxe4 18. Nxe4 dxe4 19. Bxe4 Nxe5 20. Nxe5 Rxd1 21. Rxd1 Qxe5 22. Bf3 Qe7 23. Qd2 c5 24. Bxb7 Qxb7 25. Qd5 Qe7 26. a4 Bf6 27. Qc6 Rd8 28. Rxd8 Qxd8 29. g3 Kg7 30. Kg2 Bg5 31. Bxg5 hxg5 32. a5 Qf6 33. Qc7 Qe6 34. Qxa7 Qe4+ 35. Kg1 Qe1+ 36. Kg2 Qe4+ 37. Kg1 Qe1+ 38. Kg2 Qe4+ 1/2-1/2

[Event "Titled Tuesday intern op 27th Feb Late"]
[Site "Chess.com INT"]
[Date "2024.02.27"]
[Round "7"]
[White "Grigoriants, Sergey"]
[Black "Nagare, Kaivalya Sandip"]
[Result "1/2-1/2"]
[WhiteElo "2541"]
[BlackElo "2074"]
[PlyCount "74"]
[EventDate "2024.02.27"]
[EventType "swiss (blitz)"]
[EventRounds "11"]
[EventCountry "USA"]
[SourceTitle "CB10_2024"]
[SourceDate "2024.03.06"]
[SourceVersion "1"]
[SourceVersionDate "2024.03.06"]
[SourceQuality "1"]

1. e4 e5 2. Nf3 Nc6 3. Bb5 a6 4. Ba4 Nf6 5. 0-0 b5 6. Bb3 Be7 7. a4 b4 8. d4 d6 9. dxe5 Nxe5 10. Nxe5 dxe5 11. Nd2 0-0 12. Qe2 a5 13. Rd1 c6 14. Nc4 Qc7 15. Be3 Nd7 16. Rd2 Nc5 17. Rad1 Be6 18. Bxc5 Bxc5 19. Ne3 Bxe3 20. Qxe3 Rad8 21. Bxe6 fxe6 22. h3 Rxd2 23. Rxd2 Rd8 24. g3 Rxd2 25. Qxd2 c5 26. Qe2 c4 27. Qe3 Qc6 28. b3 cxb3 29. cxb3 Qc3 30. Kf1 Qxe3 31. fxe3 Kf7 32. Ke2 Ke7 33. Kd3 Kd6 34. Kc4 Kc6 35. g4 g5 36. Kd3 Kc5 37. Ke2 Kc6 1/2-1/2

[Event "HUN-chT 2324"]
[Site "Hungary"]
[Date "2024.02.18"]
[Round "4.1"]
[White "Ostovic, Matija"]
[Black "Grigoriants, Sergey"]
[Result "0-1"]
[WhiteElo "2377"]
[BlackElo "2562"]
[PlyCount "136"]
[EventDate "2023.10.28"]
[EventType "team-tourn"]
[EventRounds "9"]
[EventCountry "HUN"]
[SourceTitle "CB16_2024"]
[SourceDate "2024.04.17"]
[SourceVersion "1"]
[SourceVersionDate "2024.04.17"]
[SourceQuality "1"]
[WhiteTeam "Tapolca Varos"]
[BlackTeam "Dunaharaszti"]
[WhiteTeamCountry "HUN"]
[BlackTeamCountry "HUN"]

1. e4 c5 2. c3 e6 3. d4 d5 4. exd5 Qxd5 5. Nf3 Nf6 6. Be2 Be7 7. 0-0 0-0 8. dxc5 Qxd1 9. Rxd1 Bxc5 10. Ne5 Nbd7 11. Nd3 Bd6 12. Nd2 Bc7 13. Bf3 Rb8 14. b3 b6 15. Ba3 Rd8 16. Nc4 Ba6 17. Nb4 Bb5 18. Nc6 Bxc6 19. Bxc6 Ne5 20. Bb5 Ne4 21. Bb2 Nd3 22. f3 Nxb2 23. Rxd8+ Rxd8 24. fxe4 Rd1+ 25. Rxd1 Nxd1 26. Bc6 Nxc3 27. Nb2 Nxa2 28. Nd3 Nc3 29. Kf2 a5 30. h3 b5 31. Ke3 Bb6+ 32. Kd2 b4 33. Nb2 Kf8 34. Kd3 Ke7 35. Na4 Kd6 36. Be8 Nxa4 37. Bxa4 Ke5 38. Be8 f6 39. Bd7 h5 40. g3 Bf2 41. g4 h4 42. Ke2 Bb6 43. Kf3 Ba7 44. Be8 Kd4 45. Bd7 e5 46. Bb5 Kc3 47. Ba4 Kd2 48. Bc6 Bb6 49. Bd7 Ke1 50. Bb5 g6 51. Be8 g5 52. Bb5 a4 53. Bxa4 Kf1 54. Bb5+ Kg1 55. Bc4 Kh2 56. Bf1 Bd4 57. Bg2 Kg1 58. Bf1 f5 59. Bd3 fxe4+ 60. Kxe4 Kg2 61. Kf5 Be3 62. Kxe5 Kxh3 63. Ke4 Bb6 64. Kf3 Kh2 65. Ke2 Kg1 66. Be4 h3 67. Kd3 Bc5 68. Kc4 Bf8 0-1

[Event "Titled Tuesday intern op 13th Feb Late"]
[Site "Chess.com INT"]
[Date "2024.02.13"]
[Round "8"]
[White "Bluebaum, Matthias"]
[Black "Grigoriants, Sergey"]
[Result "1/2-1/2"]
[WhiteElo "2658"]
[BlackElo "2541"]
[PlyCount "89"]
[EventDate "2024.02.13"]
[EventType "swiss (blitz)"]
[EventRounds "11"]
[EventCountry "USA"]
[SourceTitle "CB08_2024"]
[SourceDate "2024.02.21"]
[SourceVersion "1"]
[SourceVersionDate "2024.02.21"]
[SourceQuality "1"]

1. d4 Nf6 2. c4 e6 3. Nc3 Bb4 4. e3 0-0 5. Bd2 d5 6. Nf3 b6 7. cxd5 exd5 8. Rc1 a6 9. Bd3 Bb7 10. 0-0 Bd6 11. Ne5 c5 12. f4 Nc6 13. Ng4 Nb4 14. Bb1 cxd4 15. exd4 Ne4 16. a3 Nxd2 17. Qxd2 Nc6 18. Qd3 f5 19. Ne3 Ne7 20. Ba2 Kh8 21. Ncxd5 Nxd5 22. Bxd5 Bxd5 23. Nxd5 Bxa3 24. Ne3 Bxb2 25. Rcd1 Rc8 26. Nc4 Bc3 27. d5 b5 28. Ne5 Qd6 29. Nc6 Bf6 30. Kh1 g6 31. h3 Rfe8 32. Rfe1 Kg7 33. Ne5 Bxe5 34. fxe5 Rxe5 35. Rxe5 Qxe5 36. d6 Rd8 37. d7 Qe6 38. Qd4+ Kf7 39. Qh4 Rxd7 40. Re1 Qf6 41. Qxh7+ Qg7 42. Qh4 Qf6 43. Qh7+ Qg7 44. Qh4 Qf6 45. Qh7+ 1/2-1/2

[Event "Titled Tuesday intern op 13th Feb Late"]
[Site "Chess.com INT"]
[Date "2024.02.13"]
[Round "4"]
[White "Grigoriants, Sergey"]
[Black "Curtis, John"]
[Result "1-0"]
[WhiteElo "2541"]
[BlackElo "2292"]
[PlyCount "78"]
[EventDate "2024.02.13"]
[EventType "swiss (blitz)"]
[EventRounds "11"]
[EventCountry "USA"]
[SourceTitle "CB08_2024"]
[SourceDate "2024.02.21"]
[SourceVersion "1"]
[SourceVersionDate "2024.02.21"]
[SourceQuality "1"]

1. d4 Nf6 2. c4 e6 3. g3 d5 4. Bg2 dxc4 5. Nf3 c5 6. 0-0 Nc6 7. Qa4 Bd7 8. Qxc4 cxd4 9. Nxd4 Nxd4 10. Qxd4 Bc6 11. Bxc6+ bxc6 12. Qxd8+ Kxd8 13. Nd2 Kc7 14. Nc4 Nd7 15. Bf4+ e5 16. Nxe5 Bd6 17. Nxf7 Bxf4 18. Nxh8 Be5 19. Nf7 Bxb2 20. Rab1 Bf6 21. Rfd1 Be7 22. Rb7+ Kxb7 23. Rxd7+ Kb6 24. Rxe7 c5 25. Ne5 Rd8 26. Rxg7 Rd5 27. f4 a5 28. Rxh7 Kb5 29. Rb7+ Ka6 30. Rd7 Rxd7 31. Nxd7 c4 32. f5 c3 33. Nc5+ Kb5 34. Nd3 Kc4 35. f6 Kd5 36. f7 Ke4 37. f8Q Ke3 38. Qc5+ Kxe2 39. Qxc3 Ke3 1-0

[Event "Titled Tuesday intern op 06th Feb Late"]
[Site "Chess.com INT"]
[Date "2024.02.06"]
[Round "8"]
[White "Kantor, Gergely"]
[Black "Grigoriants, Sergey"]
[Result "0-1"]
[WhiteElo "2531"]
[BlackElo "2541"]
[PlyCount "96"]
[EventDate "2024.02.06"]
[EventType "swiss (blitz)"]
[EventRounds "11"]
[EventCountry "USA"]
[SourceTitle "CB07_2024"]
[SourceDate "2024.02.14"]
[SourceVersion "1"]
[SourceVersionDate "2024.02.14"]
[SourceQuality "1"]

1. Nf3 d5 2. d4 Nf6 3. c4 c6 4. Nbd2 Bf5 5. Nh4 Be6 6. e3 g6 7. Be2 Bg7 8. 0-0 0-0 9. b3 c5 10. Nhf3 Ne4 11. Bb2 Nc6 12. cxd5 Bxd5 13. Nc4 cxd4 14. Nxd4 Nxd4 15. Bxd4 Bxc4 16. bxc4 Bxd4 17. Qxd4 Qxd4 18. exd4 Rfd8 19. d5 Rac8 20. Rfe1 Kf8 21. a4 Nd6 22. Rec1 Rc5 23. Rab1 b6 24. Rb2 Rdc8 25. Rbc2 Ra5 26. Ra1 Rxd5 27. f3 Rdc5 28. Rac1 e5 29. Kf2 Ke7 30. h4 h5 31. g4 Rh8 32. Kg3 f5 33. Rd2 hxg4 34. Rcd1 Rd8 35. Rd5 gxf3 36. Rxc5 Ne4+ 37. Kxf3 Nxc5 38. Rg1 Kf6 39. Ke3 Rd4 40. h5 gxh5 41. Bxh5 f4+ 42. Kf3 Rxc4 43. Rg8 Rc3+ 44. Ke2 e4 45. Re8 Rc2+ 46. Kd1 Ra2 47. Rf8+ Ke5 48. Rd8 f3 0-1

[Event "Titled Tuesday intern op 06th Feb Late"]
[Site "Chess.com INT"]
[Date "2024.02.06"]
[Round "5"]
[White "Naroditsky, Daniel"]
[Black "Grigoriants, Sergey"]
[Result "1-0"]
[WhiteElo "2619"]
[BlackElo "2541"]
[PlyCount "65"]
[EventDate "2024.02.06"]
[EventType "swiss (blitz)"]
[EventRounds "11"]
[EventCountry "USA"]
[SourceTitle "CB07_2024"]
[SourceDate "2024.02.14"]
[SourceVersion "1"]
[SourceVersionDate "2024.02.14"]
[SourceQuality "1"]

1. e4 e5 2. Nf3 Nc6 3. Nc3 Nf6 4. g3 g6 5. Bg2 Bg7 6. 0-0 0-0 7. d3 d6 8. h3 Nd7 9. Bg5 f6 10. Be3 f5 11. exf5 gxf5 12. Ng5 Nf6 13. f4 h6 14. Nf3 exf4 15. Bxf4 Nh5 16. Qd2 Nxf4 17. Qxf4 Be6 18. Rae1 Qd7 19. d4 Bf7 20. d5 Ne7 21. Nd4 Ng6 22. Qd2 Bxd4+ 23. Qxd4 Rae8 24. Qxa7 b6 25. Qa4 Qxa4 26. Nxa4 Rxe1 27. Rxe1 f4 28. Nc3 fxg3 29. Re3 Re8 30. Rxg3 Kf8 31. Kf2 Nf4 32. Be4 Re5 33. Rf3 1-0

[Event "Titled Tuesday intern op 23rd Jan Late"]
[Site "Chess.com INT"]
[Date "2024.01.23"]
[Round "9"]
[White "Jakubowski, Krzysztof"]
[Black "Grigoriants, Sergey"]
[Result "1-0"]
[WhiteElo "2467"]
[BlackElo "2543"]
[PlyCount "77"]
[EventDate "2024.01.23"]
[EventType "swiss (blitz)"]
[EventRounds "11"]
[EventCountry "USA"]
[SourceTitle "CB05_2024"]
[SourceDate "2024.01.31"]
[SourceVersion "1"]
[SourceVersionDate "2024.01.31"]
[SourceQuality "1"]

1. e4 e5 2. Nf3 Nc6 3. Bc4 Bc5 4. 0-0 Nf6 5. d3 d6 6. c3 a5 7. Nbd2 0-0 8. h3 h6 9. Re1 Be6 10. a4 Ba7 11. Qb3 Qd7 12. Nf1 Bxc4 13. Qxc4 Qe6 14. Qb5 Rab8 15. Be3 Bxe3 16. Nxe3 Qd7 17. Nd5 Nh7 18. d4 exd4 19. Nxd4 Kh8 20. Rad1 Rfe8 21. Nf5 Ng5 22. f3 Ne6 23. Rd2 Qd8 24. Red1 Kh7 25. Kh1 h5 26. Nfe3 Qg5 27. Nc4 Ne5 28. Nxe5 Qxe5 29. Qc4 Rbd8 30. Rf1 c6 31. Ne3 d5 32. Qe2 Nf4 33. Qf2 dxe4 34. Rxd8 Rxd8 35. fxe4 Nd3 36. Qf3 Rd7 37. Nf5 Nc5 38. Qxh5+ Kg8 39. Nh6+ 1-0

[Event "Titled Tuesday intern op 23rd Jan Late"]
[Site "Chess.com INT"]
[Date "2024.01.23"]
[Round "8"]
[White "Janaszak, Dawid"]
[Black "Grigoriants, Sergey"]
[Result "1/2-1/2"]
[WhiteElo "2308"]
[BlackElo "2543"]
[PlyCount "88"]
[EventDate "2024.01.23"]
[EventType "swiss (blitz)"]
[EventRounds "11"]
[EventCountry "USA"]
[SourceTitle "CB05_2024"]
[SourceDate "2024.01.31"]
[SourceVersion "1"]
[SourceVersionDate "2024.01.31"]
[SourceQuality "1"]

1. e4 c5 2. Nc3 e6 3. f4 d5 4. Nf3 dxe4 5. Nxe4 Nd7 6. g3 Ngf6 7. Nxf6+ Nxf6 8. Bg2 Be7 9. 0-0 0-0 10. b3 Qc7 11. Bb2 b6 12. Ne5 Bb7 13. Ng4 Bxg2 14. Kxg2 Qd8 15. Nxf6+ Bxf6 16. Bxf6 Qxf6 17. d3 Rad8 18. Qf3 Rd5 19. a4 Rfd8 20. Rae1 h5 21. Re2 g6 22. Rfe1 Kg7 23. Re5 a6 24. R1e2 b5 25. axb5 axb5 26. Qf2 Qe7 27. Qe3 Qc7 28. Qe4 R8d7 29. Qf3 c4 30. dxc4 bxc4 31. Rxd5 Rxd5 32. Qc3+ Kf8 33. Qxc4 Qxc4 34. bxc4 Rd4 35. Kf3 Rxc4 36. Ke3 Ke7 37. Kd3 Ra4 38. c3 Kd6 39. Rb2 Kc6 40. c4 f6 41. Re2 Kd6 42. Rb2 Kc6 43. Re2 Kd6 44. Rb2 Kc6 1/2-1/2

[Event "Wch Blitz"]
[Site "Samarkand"]
[Date "2023.12.30"]
[Round "19"]
[White "Haldorsen, Benjamin"]
[Black "Grigoriants, Sergey"]
[Result "1-0"]
[WhiteElo "2445"]
[BlackElo "2544"]
[PlyCount "46"]
[EventDate "2023.12.29"]
[EventType "swiss (blitz)"]
[EventRounds "21"]
[EventCountry "UZB"]
[SourceTitle "CB01_2024"]
[SourceDate "2024.01.03"]
[SourceVersion "1"]
[SourceVersionDate "2024.01.03"]
[SourceQuality "1"]

1. e4 e5 2. Nf3 Nc6 3. d4 exd4 4. Nxd4 Nf6 5. Nxc6 bxc6 6. Nd2 d5 7. exd5 cxd5 8. Bb5+ Bd7 9. Bxd7+ Qxd7 10. 0-0 Be7 11. b3 0-0 12. Bb2 Rfe8 13. Re1 a5 14. a4 Qf5 15. Nf3 Ne4 16. Qd3 Bc5 17. Re2 c6 18. Bd4 Bxd4 19. Nxd4 Qf6 20. Rae1 Re5 21. f3 c5 22. Nb5 c4 23. Qd4 Qd8 1-0

[Event "Wch Blitz"]
[Site "Samarkand"]
[Date "2023.12.29"]
[Round "7"]
[White "Abdurakhmanov, Mukhmmadali"]
[Black "Grigoriants, Sergey"]
[Result "1/2-1/2"]
[WhiteElo "2409"]
[BlackElo "2544"]
[PlyCount "156"]
[EventDate "2023.12.29"]
[EventType "swiss (blitz)"]
[EventRounds "21"]
[EventCountry "UZB"]
[SourceTitle "CB01_2024"]
[SourceDate "2024.01.03"]
[SourceVersion "1"]
[SourceVersionDate "2024.01.03"]
[SourceQuality "1"]

1. d4 Nf6 2. Bg5 d5 3. e3 c5 4. Bxf6 gxf6 5. dxc5 e6 6. Nf3 Bxc5 7. Be2 Nc6 8. 0-0 f5 9. c4 dxc4 10. Qa4 Qf6 11. Nc3 0-0 12. Qxc4 Bb6 13. Rfd1 Kh8 14. Bf1 Qg7 15. Rd2 Ba5 16. a3 Bxc3 17. bxc3 e5 18. Qb5 Rb8 19. Rad1 Be6 20. c4 f4 21. exf4 exf4 22. Qg5 Qxg5 23. Nxg5 Rfd8 24. Nxe6 fxe6 25. Rd7 b6 26. g3 e5 27. R1d6 Rxd7 28. Rxd7 a5 29. Bg2 Nd4 30. Be4 Rc8 31. Bd3 h6 32. Rh7+ Kg8 33. Rxh6 Rb8 34. Rh5 Kg7 35. Kg2 Kf6 36. Rh6+ Ke7 37. a4 Nb3 38. h4 Nc5 39. Bc2 Rd8 40. Rxb6 Rd2 41. Bf5 e4 42. Rb5 Kd6 43. gxf4 e3 44. Rb6+ Ke7 45. Rb1 Rxf2+ 46. Kg3 Kf6 47. Bh7 Kg7 48. Bf5 Kf6 49. Rb5 Nxa4 50. Rxa5 Nc3 51. Bd3 Rd2 52. Ra6+ Ke7 53. Ra7+ Kf6 54. Ra6+ Ke7 55. Ra7+ Kd6 56. Ra6+ Kc5 57. Bf5 e2 58. Re6 Rd1 59. Re5+ Kd4 60. h5 e1Q+ 61. Rxe1 Rxe1 62. h6 Re8 63. h7 Ne4+ 64. Kh4 Rf8 65. Bg6 Rxf4+ 66. Kh5 Rf8 67. Kh6 Nf6 68. Kg7 Nxh7 69. Bxh7 Rc8 70. Bg8 Kc5 71. Bd5 Kd6 72. Kf6 Rf8+ 73. Kg7 Rf2 74. Kg6 Ke5 75. Kg7 Rf6 76. Bf7 Rc6 77. Bd5 Rb6 78. Kf7 Ra6 1/2-1/2

[Event "Wch Blitz"]
[Site "Samarkand"]
[Date "2023.12.29"]
[Round "5"]
[White "Averin, Nikolay"]
[Black "Grigoriants, Sergey"]
[Result "0-1"]
[WhiteElo "2246"]
[BlackElo "2544"]
[PlyCount "70"]
[EventDate "2023.12.29"]
[EventType "swiss (blitz)"]
[EventRounds "21"]
[EventCountry "UZB"]
[SourceTitle "CB01_2024"]
[SourceDate "2024.01.03"]
[SourceVersion "1"]
[SourceVersionDate "2024.01.03"]
[SourceQuality "1"]

1. e4 e5 2. Nf3 Nc6 3. Bb5 a6 4. Ba4 Nf6 5. 0-0 b5 6. Bb3 Bc5 7. a4 Rb8 8. Nxe5 Nxe5 9. d4 Bxd4 10. Qxd4 d6 11. f4 Nc6 12. Qd3 0-0 13. Nc3 Nb4 14. Qg3 Be6 15. f5 Bxb3 16. cxb3 Kh8 17. Bg5 Qe8 18. Qh4 Qe5 19. Rf3 h6 20. Rh3 Nh7 21. Bf4 Qd4+ 22. Be3 Qf6 23. Qf2 Qe7 24. Bd4 f6 25. Rd1 Ng5 26. Rh4 bxa4 27. bxa4 Rfe8 28. Rg4 Qf7 29. h4 Qh5 30. Qg3 Nxe4 31. Nxe4 Rxe4 32. Rxg7 Qxd1+ 33. Kh2 Qxd4 34. Qg6 Rxh4+ 35. Kg3 Qf4# 0-1